书目信息 |
| 题名: |
平面构成基础
|
|
| 作者: | 陆叶 编著 | |
| 分册: | ||
| 出版信息: | 北京 中国纺织出版社 2004.05 |
|
| 页数: | 132页 | |
| 开本: | 29cm | |
| 丛书名: | 高等院校艺术设计专业基础教材 | |
| 单 册: | ||
| 中图分类: | J06 | |
| 科图分类: | ||
| 主题词: | 平面构成--ping mian gou cheng--设计--高等学校--教材 , 美术理论 | |
| 电子资源: | ||
| ISBN: | 7-5064-2859-8 | |
| 000 | 01065nam 2200289 450 | |
| 001 | CAL 012004076333 | |
| 005 | 20050531170728.50 | |
| 010 | @a7-5064-2859-8@dCNY 26.00 | |
| 099 | @aCAL 012004076333 | |
| 100 | @a20040614d2004 ekmy0chiy0121 ea | |
| 101 | 0 | @achi |
| 102 | @aCN@b110000 | |
| 105 | @aa z 000yy | |
| 200 | 1 | @a平面构成基础@Aping mian gou cheng ji chu@f陆叶编著 |
| 210 | @a北京@c中国纺织出版社@d2004.05 | |
| 215 | @a132页@c图 (部分彩图)@d29cm | |
| 225 | 2 | @a高等院校艺术设计专业基础教材@Agao deng yuan xiao yi shu she ji zhuan ye ji chu jiao cai |
| 330 | @a本书是一部有关平面构成的著作。主要内容包括:韵律与节奏的概念,韵律与节奏的表现方式,黄金比构成,平方根矩形,等差数列,等比数列,调和数列,分割,组合形式等。 | |
| 333 | @a平面设计师、相关专业师生及普通读者。 | |
| 410 | 0 | @12001 @a高等院校艺术设计专业基础教材 |
| 606 | 0 | @a平面构成@Aping mian gou cheng@x设计@x高等学校@j教材 |
| 606 | 0 | @a美术理论 |
| 690 | @aJ06@v4 | |
| 701 | 0 | @a陆叶@Alu ye@4编著 |
| 801 | 0 | @aCN@bXHSD@c20050531 |
| 905 | @a10447@dJ06@eL861 | |
| 998 | @aBJP | |
| 平面构成基础/陆叶编著.-北京:中国纺织出版社,2004.05 |
| 132页:图 (部分彩图);29cm.-(高等院校艺术设计专业基础教材) |
| 使用对象:平面设计师、相关专业师生及普通读者。 |
| ISBN 7-5064-2859-8:CNY 26.00 |
| 本书是一部有关平面构成的著作。主要内容包括:韵律与节奏的概念,韵律与节奏的表现方式,黄金比构成,平方根矩形,等差数列,等比数列,调和数列,分割,组合形式等。 |
| ● |
| 相关链接 |
|
|
|
正题名:平面构成基础
索取号:J06/L861
 
预约/预借
| 序号 | 登录号 | 条形码 | 馆藏地/架位号 | 状态 | 备注 |
| 1 | 533734 | 205337349 | 社科库309/ [索取号:J06/L861] | 在馆 | |
| 2 | 533735 | 205337358 | 社科库309/ [索取号:J06/L861] | 在馆 |